| 000 | 00000nam##2200000za#4500 |
| 001 | 9.570217 |
| 003 | CaOODSP |
| 005 | 20210624182133 |
| 007 | cr ||||||||||| |
| 008 | 150406|2002||||xxc|||||o f|0| 0 eng|d |
| 040 | |aCaOODSP|beng |
| 043 | |an-cn--- |
| 086 | 1 |aNH15-404/2002E-PDF |
| 110 | 2 |aCanada Mortgage and Housing Corporation. |
| 245 | 10|aCost of FlexHousing |h[electronic resource] |
| 260 | |aOttawa - Ontario : |bCanada Mortgage and Housing Corporation |cOctober 2002. |
| 300 | |a47p.|bfigs., tables |
| 490 | 1 |aResearch report. Housing technology series |
| 500 | |aThe catalogue number (NH15-404/2002E) and ISBN (0-662-33290-3) for the print edition have been incorrectly copied in this electronic publication. |
| 590 | |a11-27-Supp|b2011-11-15 |
| 775 | 08|tLe coût du Bâti-Flex |w(CaOODSP)9.600965 |
| 830 | #0|aResearch report. Housing technology series.|w(CaOODSP)9.506186 |
| 856 | 40|ahttp://publications.gc.ca|qPDF|s428 KB|uhttps://publications.gc.ca/collections/collection_2011/schl-cmhc/nh18-1-3/NH15-404-2002-eng.pdf |